Strategie odbytu pro investiční zboží: přímý prodej nebo obchod?
Riešenie systému odbytu, rozhodnutia pre priamy predaj výrobkov alebo prostredníctvom obchodu. Štúdia britsko-kanadskej skupiny výskumných pracovníkov na overenie systému odbytu.
Salvato in:
| Natura: | Capitolo di libro |
|---|---|
| Lingua: | ceco |
| Soggetti: | |
| Tags: |
Nessun Tag, puoi essere il primo ad aggiungerne!!
|
MARC
| LEADER | 00000naa a2200000 4500 | ||
|---|---|---|---|
| 001 | r015518 | ||
| 005 | 20221205090823.9 | ||
| 041 | 0 | |a cze | |
| 044 | |a SK | ||
| 245 | 1 | 0 | |a Strategie odbytu pro investiční zboží: přímý prodej nebo obchod? |
| 520 | |a Riešenie systému odbytu, rozhodnutia pre priamy predaj výrobkov alebo prostredníctvom obchodu. Štúdia britsko-kanadskej skupiny výskumných pracovníkov na overenie systému odbytu. | ||
| 610 | 2 | 0 | |a odbyt |
| 610 | 2 | 0 | |a predaj |
| 610 | 2 | 0 | |a stratégia marketingová |